000 00508nam a2200169 i 4500
001 21243
003 ES-MaACL
005 20230906152438.0
007 t|
008 021122s19101920fr ||||1| spa d
100 1 _aAdam, Paul.
_918367
245 1 0 _aBasilio y Sofía /
_cPaul Adam ; versión castellana de Francisco Gutierrez Brito.
260 _aSaint Denis :
_bH. Bonillant,
_c[1910?]
300 _a304 p. :
_bil. ;
_c18 cm.
700 1 _aGutiérrez Brito, Francisco.
_961097
852 _aES-MaACL
_jD-3775
999 _c21243
_d21243